| 000 | 00497nam a2200193Ia 4500 | ||
|---|---|---|---|
| 005 | 20230717091437.0 | ||
| 008 | 131103s9999 xx 000 0 und d | ||
| 040 | _aLoreto College | ||
| 041 | _aEnglish | ||
| 082 |
_a915.27 _bCHO |
||
| 100 | _aChopra,P.N. | ||
| 245 |
_aSikkim _cP.N.Chopra |
||
| 260 |
_aNew Delhi _bS.Chand & Co. _c1979 |
||
| 300 |
_av,113 p. _b ill. |
||
| 504 | _aIncludes bibliographical references | ||
| 650 | _aIndia (Sikkim) - Geography | ||
| 850 | _aLCLIB | ||
| 942 | _cBK | ||
| 999 |
_c3407 _d53886 |
||